[Event "Medellin Easter op 11th"]
[Site "Medellin"]
[Date "2023.04.09"]
[Round "6"]
[White "Molina Castano, Isaac"]
[Black "Manrique Bermudez, Josue"]
[Result "0-1"]
[WhiteElo "1600"]
[BlackElo "1468"]
[PlyCount "46"]
[EventDate "2023.04.05"]
[EventType "swiss"]
[EventRounds "7"]
[EventCountry "COL"]
[SourceTitle "CBM 213 Extra"]
[Source "ChessBase"]
[SourceDate "2023.05.31"]
[SourceVersion "1"]
[SourceVersionDate "2023.05.31"]
[SourceQuality "1"]

1. d4 Nf6 2. Bg5 Ne4 3. Nf3 Nxg5 4. Nxg5 e6 5. Nf3 d5 6. Nbd2 c5 7. e3 Nc6 8. c4 cxd4 9. exd4 dxc4 10. Nxc4 Bb4+ 11. Nfd2 Qxd4 12. Qc2 0-0 13. Bd3 f5 14. a3 Rd8 15. Ke2 b5 16. Nf3 bxc4 17. Qxc4 Qxb2+ 18. Ke3 Bd6 19. Qxc6 f4+ 20. Ke4 Bb7 21. Nd4 Bxc6+ 22. Nxc6 Qxf2 23. Nxd8 Qe3# 0-1

[Event "Medellin Easter op 11th"]
[Site "Medellin"]
[Date "2023.04.07"]
[Round "4"]
[White "Hernandez Gonzalez, Abraham"]
[Black "Manrique Bermudez, Josue"]
[Result "0-1"]
[WhiteElo "1458"]
[BlackElo "1468"]
[PlyCount "64"]
[EventDate "2023.04.05"]
[EventType "swiss"]
[EventRounds "7"]
[EventCountry "COL"]
[SourceTitle "CBM 213 Extra"]
[Source "ChessBase"]
[SourceDate "2023.05.31"]
[SourceVersion "1"]
[SourceVersionDate "2023.05.31"]
[SourceQuality "1"]

1. e4 e5 2. Nf3 Nc6 3. Bc4 Bc5 4. Nc3 Nf6 5. 0-0 d6 6. d3 Bg4 7. Bg5 h6 8. Bxf6 Qxf6 9. Nd5 Qd8 10. Qe1 Bxf3 11. gxf3 Nd4 12. Qd1 c6 13. Ne3 Qf6 14. Kg2 h5 15. c3 Ne6 16. b4 Nf4+ 17. Kh1 Bb6 18. b5 Qg6 19. bxc6 Bxe3 20. Rg1 Nh3 21. Rxg6 Nxf2+ 22. Kg1 Nxd1+ 23. Kg2 fxg6 24. Rxd1 bxc6 25. Re1 Bf4 26. Rb1 Ke7 27. Rb7+ Kf6 28. Rf7+ Kg5 29. Be6 Kh6 30. h4 Rhb8 31. Bd7 Rb2+ 32. Kh3 Rh2# 0-1

[Event "Medellin Easter op 10th"]
[Site "Medellin"]
[Date "2022.04.14"]
[Round "2"]
[White "Lopez Gonzalez, Carlos Andres"]
[Black "Manrique Bermudez, Josue"]
[Result "1-0"]
[WhiteElo "2008"]
[BlackElo "1494"]
[PlyCount "63"]
[EventDate "2022.04.13"]
[EventType "swiss"]
[EventRounds "8"]
[EventCountry "COL"]
[SourceTitle "CBM 207 Extra"]
[Source "ChessBase"]
[SourceDate "2022.05.31"]
[SourceVersion "1"]
[SourceVersionDate "2022.05.31"]
[SourceQuality "1"]

1. e4 e5 2. Nf3 Nc6 3. Bb5 Bc5 4. 0-0 d6 5. c3 Bb6 6. d4 exd4 7. cxd4 Bd7 8. Nc3 h6 9. a4 a6 10. Bc4 Nge7 11. Be3 0-0 12. d5 Na5 13. Ba2 Bxe3 14. fxe3 b5 15. e5 Nc4 16. Bxc4 bxc4 17. Nd2 dxe5 18. Nxc4 Nf5 19. e4 Qh4 20. Qe1 Qxe1 21. Raxe1 Nd6 22. Nxe5 Rfd8 23. Nxd7 Rxd7 24. e5 Nc4 25. e6 Re7 26. exf7+ Rxf7 27. Rxf7 Kxf7 28. b4 Rb8 29. b5 axb5 30. Nxb5 Rb7 31. Rc1 Nb6 32. d6 1-0

[Event "COL Subzt 2.3.4"]
[Site "Risarald"]
[Date "2021.11.24"]
[Round "3"]
[White "Carrol Pineda, Heiner Alonso"]
[Black "Manrique Bermudez, Josue"]
[Result "1-0"]
[WhiteElo "1701"]
[BlackElo "1352"]
[PlyCount "55"]
[EventDate "2021.11.23"]
[EventType "swiss"]
[EventRounds "9"]
[EventCountry "COL"]
[SourceTitle "CBM 205 Extra"]
[Source "ChessBase"]
[SourceDate "2022.01.31"]
[SourceVersion "1"]
[SourceVersionDate "2022.01.31"]
[SourceQuality "1"]

1. c4 e5 2. Nc3 Nf6 3. g3 d5 4. cxd5 Nxd5 5. Bg2 c6 6. Nf3 Bd6 7. d3 0-0 8. 0-0 f6 9. Qb3 Nd7 10. e4 Nc5 11. Qc4 b5 12. Nxb5 Ba6 13. a4 cxb5 14. Qxd5+ Kh8 15. axb5 Bb7 16. Qc4 a6 17. b4 axb5 18. Rxa8 Qxa8 19. Qxb5 Ba6 20. Qb6 Nb7 21. b5 Bc5 22. Qxa6 Qxa6 23. bxa6 Nd6 24. Be3 Bxe3 25. fxe3 Ra8 26. Ra1 Nb7 27. d4 exd4 28. exd4 1-0

[Event "Medellin Antioquia 2nd League"]
[Site "Medellin"]
[Date "2021.??.??"]
[Round "6"]
[White "Valencia Quinchia, Isabella"]
[Black "Manrique Bermudez, Josue"]
[Result "1-0"]
[WhiteElo "1400"]
[BlackElo "1286"]
[PlyCount "51"]
[EventDate "2021.08.31"]
[EventType "swiss"]
[EventRounds "7"]
[EventCountry "COL"]
[SourceTitle "CBM 204 Extra"]
[Source "ChessBase"]
[SourceDate "2021.11.30"]
[SourceVersion "1"]
[SourceVersionDate "2021.11.30"]
[SourceQuality "1"]

1. e4 e5 2. Nf3 Nc6 3. d4 exd4 4. Nxd4 Bc5 5. Nb3 Bb6 6. Qe2 d6 7. Be3 Nf6 8. Nc3 Be6 9. 0-0-0 Bxe3+ 10. Qxe3 Qe7 11. f3 a6 12. Qg5 0-0 13. h4 h6 14. Qe3 a5 15. g4 a4 16. Nd4 Nb4 17. g5 h5 18. gxf6 Qxf6 19. Nxe6 fxe6 20. a3 c5 21. Bc4 Rfd8 22. Qg5 Qxg5+ 23. hxg5 Nc6 24. Bxe6+ Kf8 25. Nd5 g6 26. f4 1-0